000 00919nam a2200241 u 4500
005 20230816063648.0
008 190124s2016 es r 000 0 spa d
020 _a9788499218434
035 _aUPN01000228605
049 _aCG
050 4 _aLB1073
_bT7.6
100 1 _aTraveset Vilaginés, Mercè
_941785
245 1 0 _aPensar con el corazón, sentir con la mente :
_brecursos didácticos de educación emocional sistémica multidimensional /
_cMercé Traveset Vilaginés ; tr. por Manuel León Urrutia.
260 _aBarcelona, Esp. :
_bOctaedro,
_c2016.
300 _a184 p. :
_bil.
440 0 _aRecursos educativos
534 _pTítulo original:
_tPensar amb el cor, sentir amb la ment : recursos d'educació emocional sistémica multidimensional
650 4 _aEducación emocional
_911882
650 2 _aSistemas sociales
_915124
650 2 _aPedagogía social
_98357
905 _aLibro
999 _c200700
_d200700